<?xml version="1.0" encoding="UTF-8"?><?xml-stylesheet type="text/xsl" href="static/style.xsl"?><OAI-PMH xmlns="http://www.openarchives.org/OAI/2.0/" xmlns:xsi="http://www.w3.org/2001/XMLSchema-instance" xsi:schemaLocation="http://www.openarchives.org/OAI/2.0/ http://www.openarchives.org/OAI/2.0/OAI-PMH.xsd"><responseDate>2026-04-27T05:06:35Z</responseDate><request verb="GetRecord" identifier="oai:repisalud.isciii.es:20.500.12105/11939" metadataPrefix="marc">https://repisalud.isciii.es/rest/oai/request</request><GetRecord><record><header><identifier>oai:repisalud.isciii.es:20.500.12105/11939</identifier><datestamp>2025-06-11T06:43:39Z</datestamp><setSpec>com_20.500.12105_8140</setSpec><setSpec>com_20.500.12105_5570</setSpec><setSpec>com_20.500.12105_2404</setSpec><setSpec>com_20.500.12105_2403</setSpec><setSpec>col_20.500.12105_8164</setSpec></header><metadata><record xmlns="http://www.loc.gov/MARC21/slim" xmlns:dcterms="http://purl.org/dc/terms/" xmlns:doc="http://www.lyncode.com/xoai" xmlns:xsi="http://www.w3.org/2001/XMLSchema-instance" xsi:schemaLocation="http://www.loc.gov/MARC21/slim http://www.loc.gov/standards/marcxml/schema/MARC21slim.xsd">
   <leader>00925njm 22002777a 4500</leader>
   <datafield ind2=" " ind1=" " tag="042">
      <subfield code="a">dc</subfield>
   </datafield>
   <datafield ind2=" " ind1=" " tag="720">
      <subfield code="a">Lastras González, Susana</subfield>
      <subfield code="e">author</subfield>
   </datafield>
   <datafield ind2=" " ind1=" " tag="720">
      <subfield code="a">Sanchez-Arcilla, Ignacio</subfield>
      <subfield code="e">author</subfield>
   </datafield>
   <datafield ind2=" " ind1=" " tag="720">
      <subfield code="a">Fernández Escribano, Marina</subfield>
      <subfield code="e">author</subfield>
   </datafield>
   <datafield ind2=" " ind1=" " tag="720">
      <subfield code="a">Magdalena Muedra Sánchez.</subfield>
      <subfield code="e">author</subfield>
   </datafield>
   <datafield ind2=" " ind1=" " tag="260">
      <subfield code="c">2010-06</subfield>
   </datafield>
   <datafield ind2=" " ind1=" " tag="520">
      <subfield code="a">[ES] Auxiliar de enfermería de 28 años que acude al Servicio de Urgencias porque refiere dolor y dificultad para la movilización en rodilla derecha, tras accidente laboral, hace dos días. Refiere que se resbaló mientras transportaba 32 termómetros de mercurio, rompiéndose éstos sobre su rodilla, creando una pequeña herida, siendo la puerta de entrada del metal. En la radiografía, se objetiva el cuerpo extraño metálico, correspondiente a mercurio, en bursa rotuliana. Tras el diagnóstico, se realizó la extracción de la bursa, recuperándose la trabajadora totalmente tras la intervención. Con este caso clínico que aportamos, queremos conocer los efectos del mercurio en la salud de las personas expuestas a dicho metal, estudiar los errores acontecidos en este accidente laboral, valorando cuáles hubieran sido las medidas de actuación preventiva adecuadas para evitar la repetición de este tipo de accidentes y, por último, reflexionar acerca de la relación beneficio-riesgo del uso del mercurio en aparatos de medición en el ámbito sanitario. [EN] A 28-year-old woman, nursing assistant, who attends to emergency service, referring pain and difficulty mobilizing right knee after a work accident two days ago. She relates that slipped while carrying 32 mercury thermometers, breaking them on her knee, creating a small wound, being the gateway to the metal. In the radiograph, we objective a metallic foreign body, corresponding to mercury, in patellar bursa. After the diagnosis, the bursa was extracted, and the worker recovered completely, after surgery. With this case report we bring, we want to know the health effects of mercury in people exposed to this metal, studying the errors occurred in this accident, assessing measures of preventive action that would have been neccesary to preclude recurrence of this type accidents and, finally, think about the risk-benefit balance the use of mercury in measuring devices in healthcare.</subfield>
   </datafield>
   <datafield ind1="8" ind2=" " tag="024">
      <subfield code="a">Med Segur Trab 2010; Vol.56 Nº 219;158-164</subfield>
   </datafield>
   <datafield ind1="8" ind2=" " tag="024">
      <subfield code="a">0465-546X</subfield>
   </datafield>
   <datafield ind1="8" ind2=" " tag="024">
      <subfield code="a">http://hdl.handle.net/20.500.12105/11939</subfield>
   </datafield>
   <datafield ind1="8" ind2=" " tag="024">
      <subfield code="a">10.4321/S0465-546X2010000200006</subfield>
   </datafield>
   <datafield ind1="8" ind2=" " tag="024">
      <subfield code="a">1989-7790</subfield>
   </datafield>
   <datafield ind1="8" ind2=" " tag="024">
      <subfield code="a">Medicina y Seguridad del Trabajo</subfield>
   </datafield>
   <datafield tag="653" ind2=" " ind1=" ">
      <subfield code="a">Accidente laboral</subfield>
   </datafield>
   <datafield tag="653" ind2=" " ind1=" ">
      <subfield code="a">Bursitis rotuliana</subfield>
   </datafield>
   <datafield tag="653" ind2=" " ind1=" ">
      <subfield code="a">Mercurio</subfield>
   </datafield>
   <datafield tag="653" ind2=" " ind1=" ">
      <subfield code="a">Patellar bursitis</subfield>
   </datafield>
   <datafield tag="653" ind2=" " ind1=" ">
      <subfield code="a">Work accident</subfield>
   </datafield>
   <datafield tag="653" ind2=" " ind1=" ">
      <subfield code="a">Mercury</subfield>
   </datafield>
   <datafield ind2="0" ind1="0" tag="245">
      <subfield code="a">Bursitis por mercurio tras accidente laboral: a propósito de un caso</subfield>
   </datafield>
</record></metadata></record></GetRecord></OAI-PMH>